000 01352cam a2200361 i 4500
001 21126183
003 EG-ScBUE
005 20211208115955.0
008 190808s2020 nyua f b 001 0 eng d
020 _a9780500022542
040 _aDLC
_beng
_erda
_cDLC
_dEG-ScBUE
043 _ae-uk---
082 0 4 _a749.22
_bWAL
_222
100 1 _aWalker, Aidan,
_eauthor.
245 1 4 _aFurniture in architecture :
_bthe work of Luke Hughes : arts & crafts in the digital age /
_cAidan Walker ; foreword by Tanya Harrod.
264 1 _aNew York, NY :
_bThames & Hudson,
_c2020.
300 _a255 pages :
_billustrations (some color) ;
_c29 cm
336 _atext
_btxt
_2rdacontent
337 _aunmediated
_bn
_2rdamedia
338 _avolume
_bnc
_2rdacarrier
500 _a"Over 400 illustrations."
504 _aIncludes bibliographical references and index.
600 1 7 _aHughes, Luke
_vThemes, motives.
_2BUEsh
650 7 _aCabinetmakers
_zGreat Britain.
_2BUEsh
650 7 _aFurniture design.
_2BUEsh
650 7 _aArts and crafts movement.
_2BUEsh
653 _bART
_cDecember2021
655 _vReading book
_934232
700 1 _aHarrod, Tanya,
_eauthor of introduction, etc.
906 _a7
_bcbc
_corignew
_d2
_eepcn
_f20
_gy-gencatlg
942 _2ddc
_cBB
999 _c29708
_d29679